| 000 | 005740000a22001570004500 | ||
|---|---|---|---|
| 003 | MACL | ||
| 005 | 20191113131140.0 | ||
| 008 | 191113b xxu||||| |||| 00| 0 eng d | ||
| 040 | _cMACL | ||
| 100 |
_aएल ब्लासोव डी त्रिफोनोव _977087 |
||
| 245 | _aरसायन शास्त्र की कहानियां अपनी ही आंखो से | ||
| 260 |
_bभारती भाषा प्रकाशन _c1989 |
||
| 350 | _a50 | ||
| 650 |
_aचिल्ड्रन _977088 |
||
| 942 |
_cHIN _k741.462 _2ddc |
||
| 999 |
_c29730 _d29730 |
||